000 00969nas a2200289 4500
001 BR0301569
003 BR-BrBNA
005 20231205103630.0
007 ta
008 230509b bl.|||p| |||| 00| 00por d
040 _aBR-BrBNA
_bpor
_cBiblioteca Nacional de Agricultura
041 _a(Pt)
072 _aL72
100 1 _aBotelho, G.G.
100 1 _aMolinaro, J.A.B.
100 1 _aPereira, E.B.B.
245 1 _aPesquisa estrutural e ultra-estrutural de estágios parasitários de Sarcocystis cruzi (Hasselman, 1923)Wenyon, 1926 (Apicomplexa: Sarcocystidae)em bovinos
650 _aBOVINO
650 _aCOCCIDEO
650 _aPARASITO DE ANIMAL
650 _aHISTOLOGIA ANIMAL
650 _aMICROSCOPIA ÓTICA
650 _aMICROSCOPIA ELETRÔNICA
773 0 _tRevista Brasileira de Medicina Veterinária (Brazil)
_xISSN 0100-2430
_g(Sep-Oct 2002), v. 24(5) p. 190-193
_wBR0301569
909 _a202311
_bLúcia
_c55
_dLúcia Elande
942 _2AGRIS
_n0
_cANA
999 _c173918
_d173918